| 000 | 00715cam a2200205 i 4500 | ||
|---|---|---|---|
| 005 | 20251228102917.0 | ||
| 008 | 250721s2002 sy gr 000 0 ara d | ||
| 082 | 1 | 4 |
_a218.61 _bا س ب |
| 100 | 1 |
_aإسبيزيتو، جون _eمؤلف, |
|
| 245 | 1 | 0 | _aالخطر الإسلامي بين الوهم و الواقع / |
| 250 | _aالطبعه الاولى. | ||
| 264 | 1 | 3 |
_aاللاذقية : _bدار الحوار للنشر و التوزيع، _c2002. |
| 300 | _a331صفحه. | ||
| 650 | 1 | 7 | _aدفع المطاعن عن الإسلام. |
| 650 | 1 | 7 | _aالصحوة الإسلامية. |
| 650 | 1 | 7 | _aالغرب. |
| 700 | 1 |
_aفرحات، هيثم. _etran. |
|
| 942 |
_2ddc _cBK |
||
| 999 |
_c97355 _d97355 |
||